00710nam a22001812 4500001001100000005001700011008004100028020002600069040001500095100004000110245014200150260004400292300001800336650006000354650004700414700003500461700003200496000000697420151217152019.0071102s xx 000 0 eng d a0821345230 :cKES 900 aKABUcKABU1 aOfosu-Amaah, W. Paatii.@000015794910aCombating corruption :ba comparative review of selected legal aspects of ... /cW. Paatii Ofuso- Amaah, Raj Soopramanien, Kishor Uprety. aWashington, D. C. :bWorld Bank,c1999. aviii, 114 p. 0aPolitical corruptioncDeveloping countries.@0000157950 0aBriberycDeveloping countries.@00001579511 aSoopramanien, Raj.@00001579521 aUprety, Kishor.@0000157953